Normal view
MARC view
- Hansen, Robert C, Collin, Robert E
Entry Personal Name
001 - CONTROL NUMBER
- control field: 68537
003 - CONTROL NUMBER IDENTIFIER
- control field: NUST
005 - DATE AND TIME OF LATEST TRANSACTION
- control field: 20210628204049.0
008 - FIXED-LENGTH DATA ELEMENTS
- fixed length control field: 210628|| aca||aabn | a|a d
040 ## - CATALOGING SOURCE
- Original cataloging agency: NUST
- Transcribing agency: NUST
100 ## - HEADING--PERSONAL NAME
- Personal name: Hansen, Robert C, Collin, Robert E
670 ## - SOURCE DATA FOUND
- Source citation: Work cat.: (NUST): Hansen, Robert C, Collin, Robert E, Small antenna handbook, 2011
